Normal view
MARC view
- Quantity surveying & cost estimation
Entry Topical Term
001 - CONTROL NUMBER
- control field: 51385
003 - CONTROL NUMBER IDENTIFIER
- control field: NUST
005 - DATE AND TIME OF LATEST TRANSACTION
- control field: 20210314134951.0
008 - FIXED-LENGTH DATA ELEMENTS
- fixed length control field: 210314|| aca||aabn | a|a d
040 ## - CATALOGING SOURCE
- Original cataloging agency: NUST
- Transcribing agency: NUST
150 ## - HEADING--TOPICAL TERM
- Topical term or geographic name entry element: Quantity surveying & cost estimation
670 ## - SOURCE DATA FOUND
- Source citation: Work cat.: (NUST): Shahaid Hussain, Xen 51384, Quantity surveying & Cost Estimation , 2015.
